书目信息 |
| 题名: |
民族地区特色产业论
|
|
| 作者: | 郭京福 , 毛海军 编著 | |
| 分册: | ||
| 出版信息: | 北京 民族出版社 2006 |
|
| 页数: | 372页 | |
| 开本: | 21cm | |
| 丛书名: | 民族地区经济可持续发展研究文库 | |
| 单 册: | ||
| 中图分类: | F127.8 | |
| 科图分类: | ||
| 主题词: | 民族地区经济--研究--西北地区 , 民族地区经济--研究--西南地区 | |
| 电子资源: | ||
| ISBN: | 7-105-07785-9 | |
| 000 | 01266oam2 2200313 450 | |
| 001 | 012004059326 | |
| 005 | 20070807144936.50 | |
| 009 | 012004059326 | |
| 010 | @a7-105-07785-9@dCNY25.00 | |
| 035 | @a(110017)062002056604 | |
| 100 | @a20060804d2006 em y0chiy0110 ea | |
| 101 | 0 | @achi |
| 102 | @aCN@b110000 | |
| 105 | @ay z 000yy | |
| 106 | @ar | |
| 200 | 1 | @a民族地区特色产业论@Amin zu de ou te se chan ye lun@f郭京福, 毛海军编著@Fguo jing fu , mao hai jun bian zhu |
| 210 | @a北京@c民族出版社@d2006 | |
| 215 | @a372页@d21cm | |
| 225 | 2 | @a民族地区经济可持续发展研究文库@Amin zu di qu jing ji ke chi xu fa zhan yan jiu wen ku |
| 300 | @a大连民族学院重点学科建设项目资助 | |
| 330 | @a本书介绍了区域经济学的相关理论和影响区域经济发展的因素,探讨了西部民族地区的结构状况,分析和阐述了特色产业的相关概念、理论和选择评价方法,研究了特色产业与民族地区经济可持续发展的辩证关系,并就西部民族地区的特色农业及特色旅游业的发展策略进行了分析和举例。 | |
| 461 | 0 | @12001 @a民族地区经济可持续发展研究文库 |
| 606 | 0 | @a民族地区经济@x研究@y西北地区 |
| 606 | 0 | @a民族地区经济@x研究@y西南地区 |
| 690 | @aF127.8@v4 | |
| 701 | 0 | @a郭京福@Aguo jing fu@4编著 |
| 701 | 0 | @a毛海军@Amao hai jun@4编著 |
| 801 | 0 | @aCN@b110017@c20070807 |
| 905 | @dF127.8@e117@f1 | |
| 民族地区特色产业论/郭京福, 毛海军编著.-北京:民族出版社,2006 |
| 372页;21cm.-(民族地区经济可持续发展研究文库) |
| 大连民族学院重点学科建设项目资助 |
| ISBN 7-105-07785-9:CNY25.00 |
| 本书介绍了区域经济学的相关理论和影响区域经济发展的因素,探讨了西部民族地区的结构状况,分析和阐述了特色产业的相关概念、理论和选择评价方法,研究了特色产业与民族地区经济可持续发展的辩证关系,并就西部民族地区的特色农业及特色旅游业的发展策略进行了分析和举例。 |
| ● |
| 相关链接 |
|
|
|
|
正题名:民族地区特色产业论
索取号:F127.8/117
 
预约/预借
| 序号 | 登录号 | 条形码 | 馆藏地/架位号 | 状态 | 备注 |
| 1 | 0853165 | 208531659 | 第一样本阅览室/ [索取号:F127.8/117] | 在馆 |